| 000 | 00397nam a22001577a 4500 | ||
|---|---|---|---|
| 003 | SGT | ||
| 020 | _a978-3-938947-16-6 | ||
| 082 | _a617.672,I10W | ||
| 100 | _aWISMEIJER,D | ||
| 245 | _aITI TREATMENT GUIDE :LOADING PROTOCOLS IN IMPLANT DENTISTRY,EDENTULOUS PATIENTS | ||
| 250 | _a1ST | ||
| 260 |
_aBERLIN _bQUINTESSENCE _c2010 |
||
| 300 | _a234 | ||
| 650 | _aPROSTHODONTICS | ||
| 942 |
_2ddc _cBK _01 |
||
| 999 |
_c9992 _d9992 |
||